AFL Player Nicknames - Statistics

General Stats
  • This quiz has been taken 3,571 times
    3,548 since last reset
  • The average score is 19 of 41
Answer Stats
Nickname Answer % Correct
Buddy Lance Franklin
89%
Tex Taylor Walker
82%
Pendles Scott Pendlebury
81%
Tomahawk Tom Hawkins
81%
BT Brian Taylor
80%
Big Cox Dean Cox
80%
Bucks Nathan Buckley
79%
Stevie J Steve Johnson
77%
Aker Jason Akermanis
75%
Richo Matthew Richardson
75%
GAJ Gary Ablett
72%
Boomer Brent Harvey
70%
Daisy Dale Thomas
65%
Plugger Tony Lockett
62%
Bomber Mark Thompson
56%
Duck Wayne Carey
56%
The Chief Jason Dunstall
53%
Harry O Harry O'Brien
45%
J - Pod James Podsiadly
44%
Neon Leon Leon Davis
44%
Push Up Jake King
41%
Woosha John Worsfold
41%
G-Train Fraser Gehrig
34%
Dids Alan Didak
33%
BJ Brendan Goddard
33%
LRT Lewis Roberts-Thompson
33%
Joey Leigh Montagna
32%
Kouta Anthony Koutoufides
30%
The Bird Man Brett Burton
27%
Lids Brett Deledio
26%
Diesel Greg Williams
25%
Truck Ben Rutten
23%
Dipper Robert DiPierdominico
22%
Sticks Stephen Kernahan
22%
Tip Rat Stephen Milne
22%
Taz Chris Tarrant
18%
Stiffy Graham Johncock
16%
Flea Dale Weightman
15%
Mullett Ivan Maric
15%
The Ox David Schwarz
12%
Peach Drew Petrie
2%
No matching quizzes found
Score Distribution
Percent of People with Each Score
Percentile by Number Answered
Your Score History
You have not taken this quiz since the last reset